Dinosaures - Mort Subite - Statistiques

Statistiques générales
  • Ce quiz a été pris 4 628 fois
    4 568 depuis la dernière actualisation
  • Le résultat moyen est 5 sur 15
Answers on the Grid
Answers color-coded by a green-red scale on the quiz's grid according to % correct below.
Stégosaure
Tyrannosaure Rex
Tricératops
Ankylosaure
Vélociraptor
Oviraptor
Iguanodon
Diplodocus
Brachiosaure
Séismosaure
Kentrosaure
Suchomimus
Baryonyx
Pachycéphalosaure
Deinonychus
Jetpunkosaure
Langosaure
Tromposaure
Tropius
Ptérodactyle
Mosasaure
Ichtyosaure
Motosaure
Bulbisaure
Salasaure
Carasaure
Pikasaure
Bowsaure
Arkosaure
Gracosaure
 
Statistiques - réponses
Réponse % Correct
Tricératops
56%
Tyrannosaure Rex
55%
Vélociraptor
55%
Diplodocus
52%
Stégosaure
48%
Brachiosaure
46%
Ankylosaure
40%
Iguanodon
37%
Oviraptor
31%
Pachycéphalosaure
30%
Baryonyx
29%
Deinonychus
23%
Suchomimus
18%
Kentrosaure
17%
Séismosaure
10%
Aucun quiz correspondant
Distribution des résultats
% des personnes avec chaque résultat
Percentile par nombre de réponses
Votre historique - résultats
Vous n’avez pas pris ce quiz depuis la dernière actualisation